Here's Tokyo in living color
Сохранить в:
| Формат: | |
|---|---|
| Язык: | Undetermined |
| Опубликовано: |
Tokyo
1970
|
| Метки: |
Добавить метку
Нет меток, Требуется 1-ая метка записи!
|
| Thư viện lưu trữ: | Trung tâm Học liệu Trường Đại học Cần Thơ |
|---|
| LEADER | 00342nam a2200133Ia 4500 | ||
|---|---|---|---|
| 001 | CTU_111169 | ||
| 008 | 210402s9999 xx 000 0 und d | ||
| 082 | |a 915.2 | ||
| 082 | |b H542 | ||
| 245 | 0 | |a Here's Tokyo in living color | |
| 260 | |a Tokyo | ||
| 260 | |c 1970 | ||
| 904 | |i Tuyến | ||
| 980 | |a Trung tâm Học liệu Trường Đại học Cần Thơ | ||